Toutes les communes d'Orléans Métropole - Statistiques

Statistiques générales
  • Ce quiz a été pris 68 fois
  • Le résultat moyen est 14 sur 22
Statistiques - réponses
Commune Population (2023) % Correct
Saint-Jean-de-Braye 23 147
96%
Saint-Jean-de-la-Ruelle 16 768
96%
Saint-Jean-le-Blanc 9 562
96%
Orléans 116 357
95%
Saran 17 316
91%
Fleury-les-Aubrais 21 804
89%
Olivet 23 507
89%
Ingré 10 062
75%
La Chapelle-Saint-Mesmin 11 017
75%
Saint-Pryvé-Saint-Mesmin 6 256
71%
Chécy 9 083
70%
Ormes 4 376
61%
Saint-Hilaire-Saint-Mesmin 3 261
59%
Saint-Denis-en-Val 7 766
57%
Saint-Cyr-en-Val 3 467
50%
Semoy 3 269
48%
Bou 1 036
41%
Mardié 3 078
39%
Boigny-sur-Bionne 2 194
38%
Chanteau 1 590
36%
Marigny-les-Usages 1 887
34%
Combleux 547
32%
Aucun quiz correspondant
Distribution des résultats
% des personnes avec chaque résultat
Percentile par nombre de réponses
Votre historique - résultats
Vous n’avez pas pris ce quiz